| 000 | 00643nam a2200229 a 4500 | ||
|---|---|---|---|
| 001 | 64756 | ||
| 003 | BD-RjUL | ||
| 005 | 20211209081340.0 | ||
| 008 | 170220s1939 enkabf 001 0 eng d | ||
| 035 | _a(BD-RjUL) 64886 | ||
| 040 |
_aBD-RjUL _cBD-RjUL _dBD-RjUL _beng |
||
| 041 | _aeng | ||
| 082 |
_a916.1 _223 _bSTD 1939 |
||
| 100 | 1 |
_aSteer, George, _d1909-1944. _9191987 |
|
| 245 | 1 | 2 |
_aA date in the desert / _c G.L. Steer. |
| 260 |
_aLondon, _bHodder and Stoughton _c[1939] |
||
| 300 |
_a255 p. : _bill. ; _c23 cm. |
||
| 500 | _aIncludes Index. | ||
| 650 |
_aAfrica, North. _9191988 |
||
| 651 | 0 |
_aAfrica, North. _9191988 |
|
| 942 |
_2ddc _cBK |
||
| 999 |
_c64756 _d64756 |
||